[Event "EU-ch Online U2300 Qual"]
[Site "Chess.com INT"]
[Date "2020.05.25"]
[Round "1"]
[White "Kniazev, Alexander V"]
[Black "Hulka, Valentyn"]
[Result "1/2-1/2"]
[WhiteElo "2236"]
[BlackElo "1892"]
[PlyCount "101"]
[EventDate "2020.05.25"]
[EventType "swiss"]
[EventRounds "8"]
[EventCountry "NET"]
[SourceTitle "EXT 2021"]
[Source "ChessBase"]
[SourceDate "2020.10.23"]
[SourceVersion "1"]
[SourceVersionDate "2020.10.23"]
[SourceQuality "1"]

1. e4 c5 2. Nf3 d6 3. d4 cxd4 4. Nxd4 Nf6 5. Nc3 e5 6. Nde2 Nc6 7. g3 Be7 8. Bg2 0-0 9. 0-0 a6 10. h3 b5 11. Be3 Bb7 12. f4 Rc8 13. Qe1 Qc7 14. Qf2 Qb8 15. Rad1 Na5 16. Rc1 Qa8 17. b3 Nxe4 18. Bxe4 Bxe4 19. Bb6 Bd8 20. Rfd1 exf4 21. Bxd8 Rcxd8 22. Nxf4 b4 23. Na4 Qc6 24. Rd4 d5 25. Rxb4 Qh6 26. Kh2 Rd6 27. Rb6 Rc8 28. c3 Qf6 29. Rxd6 Qxd6 30. Qb6 Qa3 31. Ra1 Nc4 32. Qxa6 Rb8 33. Qa7 Rd8 34. Qc5 Qxc5 35. Nxc5 Ne5 36. g4 Rc8 37. b4 g5 38. Ne2 Kg7 39. Nd4 Kg6 40. Kg3 h5 41. a4 hxg4 42. hxg4 Rh8 43. Nxe4 dxe4 44. Re1 Nd3 45. Rxe4 Nf4 46. Nf3 Rh3+ 47. Kf2 Nd3+ 48. Ke3 Nf4 49. Kf2 Nd3+ 50. Kg2 Nf4+ 51. Kf2 1/2-1/2

[Event "EU-ch Online U2300 Qual"]
[Site "Chess.com INT"]
[Date "2020.05.25"]
[Round "2"]
[White "Kniazev, Alexander V"]
[Black "Nareks, Matic"]
[Result "0-1"]
[WhiteElo "2236"]
[BlackElo "2015"]
[PlyCount "98"]
[EventDate "2020.05.25"]
[EventType "swiss"]
[EventRounds "8"]
[EventCountry "NET"]
[SourceTitle "EXT 2021"]
[Source "ChessBase"]
[SourceDate "2020.10.23"]
[SourceVersion "1"]
[SourceVersionDate "2020.10.23"]
[SourceQuality "1"]

1. e4 c5 2. Nf3 Nc6 3. d4 cxd4 4. Nxd4 g6 5. c4 Bg7 6. Nc2 Nf6 7. Nc3 0-0 8. Be2 d6 9. 0-0 a5 10. b3 Nb4 11. Nd4 Nc6 12. Nc2 a4 13. Rb1 axb3 14. axb3 b6 15. Be3 Bb7 16. f3 Nd7 17. Nd5 e6 18. Ndb4 Qc7 19. Qd2 Rfd8 20. Bg5 Bf6 21. Be3 Nc5 22. Rfd1 Nxb4 23. Qxb4 Ra2 24. Rdc1 Rda8 25. Bf1 Rb2 26. Rxb2 Bxb2 27. Rb1 Ra2 28. Nd4 Bc6 29. Qd2 Bxd4 30. Qxd4 e5 31. Qd1 Ra3 32. Bg5 Nxb3 33. Bf6 Ba4 34. Qe1 h6 35. Qh4 Kh7 36. Bg5 h5 37. g4 Nd4 38. Bg2 f6 39. Bxf6 Qf7 40. gxh5 gxh5 41. Rxb6 Ra1+ 42. Kf2 Ra2+ 43. Kg1 Ra1+ 44. Kf2 Ra2+ 45. Kg1 Ne2+ 46. Kf1 Nf4 47. Rb4 Bb3 48. Rxb3 Qxc4+ 49. Ke1 Qe2# 0-1

[Event "EU-ch Online U2300 Qual"]
[Site "Chess.com INT"]
[Date "2020.05.25"]
[Round "5"]
[White "Sedykh, Mikhail"]
[Black "Kniazev, Alexander V"]
[Result "0-1"]
[WhiteElo "2119"]
[BlackElo "2236"]
[PlyCount "78"]
[EventDate "2020.05.25"]
[EventType "swiss"]
[EventRounds "8"]
[EventCountry "NET"]
[SourceTitle "EXT 2021"]
[Source "ChessBase"]
[SourceDate "2020.10.23"]
[SourceVersion "1"]
[SourceVersionDate "2020.10.23"]
[SourceQuality "1"]

1. d4 Nf6 2. c4 e6 3. Nf3 b6 4. a3 Ba6 5. e3 d5 6. Nbd2 Bb7 7. cxd5 exd5 8. b4 Bd6 9. Bd3 0-0 10. 0-0 Nbd7 11. Qc2 Re8 12. Bb2 a6 13. Rac1 Rc8 14. Rfe1 Ne4 15. Qb1 f5 16. Qa2 Qf6 17. b5 a5 18. a4 Qh6 19. Nf1 g5 20. Bxe4 fxe4 21. N3d2 Qg6 22. Ba3 h5 23. Bxd6 Qxd6 24. f3 Kg7 25. fxe4 dxe4 26. Ng3 Qg6 27. Qc2 h4 28. Ne2 Nf6 29. Nc3 Re7 30. Rf1 Ng4 31. Nd1 Qd6 32. g3 hxg3 33. h3 g2 34. hxg4 Rh8 35. Rf4 gxf4 36. Nc4 f3 37. Qxg2 fxg2 38. Nxd6 cxd6 39. Kxg2 Rc8 0-1

[Event "PriFO op active"]
[Site "Togliatti"]
[Date "2014.03.23"]
[Round "5"]
[White "Kniazev, Alexander V"]
[Black "Pasiev, Rakhim"]
[Result "1-0"]
[WhiteElo "2237"]
[BlackElo "2379"]
[PlyCount "109"]
[EventDate "2014.03.23"]
[EventType "swiss"]
[EventRounds "7"]
[EventCountry "RUS"]
[SourceTitle "EXT 2016"]
[Source "ChessBase"]
[SourceDate "2015.10.08"]
[SourceVersion "1"]
[SourceVersionDate "2015.10.08"]
[SourceQuality "1"]

1. e4 c5 2. Nf3 Nc6 3. d4 cxd4 4. Nxd4 g6 5. c4 Nf6 6. Nc3 d6 7. Be2 Nxd4 8. Qxd4 Bg7 9. Bg5 0-0 10. 0-0 Be6 11. Qd2 Rc8 12. b3 b5 13. e5 dxe5 14. Nxb5 Ne4 15. Qxd8 Rfxd8 16. Bxe7 Rd7 17. Bb4 a6 18. Nc3 Nc5 19. Rad1 Rd4 20. Ba5 f5 21. Nd5 Kf7 22. Bc3 Rxd1 23. Rxd1 e4 24. Bxg7 Kxg7 25. f4 a5 26. Ne3 Rb8 27. Rd6 Bf7 28. Nc2 a4 29. b4 Nd3 30. Bxd3 exd3 31. Rxd3 Bxc4 32. Rd7+ Kh6 33. a3 Re8 34. Rd2 Kh5 35. Kf2 h6 36. Ne3 Bb3 37. Rd4 g5 38. b5 Rb8 39. Rb4 Kg6 40. g3 Rb6 41. Ke2 Kf6 42. Kd3 Rd6+ 43. Kc3 Re6 44. Kd4 Re4+ 45. Kd3 Rxb4 46. axb4 Be6 47. b6 Bc8 48. Nc4 Ke6 49. Kd4 Ba6 50. Kc5 Kd7 51. b5 Bb7 52. Kb4 Bd5 53. Na5 Kd6 54. Kxa4 Kc5 55. b7 1-0

[Event "PriFO op active"]
[Site "Togliatti"]
[Date "2014.03.23"]
[Round "2"]
[White "Predke, Alexandr"]
[Black "Kniazev, Alexander V"]
[Result "1-0"]
[WhiteElo "2481"]
[BlackElo "2237"]
[PlyCount "97"]
[EventDate "2014.03.23"]
[EventType "swiss"]
[EventRounds "7"]
[EventCountry "RUS"]
[SourceTitle "EXT 2016"]
[Source "ChessBase"]
[SourceDate "2015.10.08"]
[SourceVersion "1"]
[SourceVersionDate "2015.10.08"]
[SourceQuality "1"]

1. e4 c5 2. Nf3 d6 3. d4 cxd4 4. Nxd4 Nf6 5. Nc3 g6 6. Be3 Bg7 7. f3 Nc6 8. Bc4 Qb6 9. Ncb5 Qa5+ 10. Qd2 Qxd2+ 11. Kxd2 0-0 12. Rhd1 Bd7 13. Ke1 Ne5 14. Be2 a6 15. Na3 b5 16. c4 bxc4 17. Nxc4 Nxc4 18. Bxc4 Rfb8 19. b3 Bb5 20. Rac1 Bxc4 21. Rxc4 d5 22. exd5 Nxd5 23. Bf2 e6 24. Nc6 Rb7 25. g3 Nc3 26. Rd2 Nb1 27. Rd3 Na3 28. Rc1 Bb2 29. Rc5 Rb5 30. Ne7+ Kg7 31. Rc7 Be5 32. Rc1 Bf6 33. Rd7 Re8 34. Nc8 Rd5 35. Nb6 Rxd7 36. Nxd7 Rd8 37. Nxf6 Kxf6 38. Rc6 a5 39. Ke2 Rd5 40. Rc5 Nb5 41. Rxd5 exd5 42. Kd3 Nd6 43. Kd4 Ke6 44. Kc5 Nf5 45. g4 Nd6 46. Be1 a4 47. bxa4 Nb7+ 48. Kc6 Nd6 49. a5 1-0

[Event "Privolzhskogo FO-ch"]
[Site "Togliatti"]
[Date "2011.03.14"]
[Round "5"]
[White "Kniazev, Alexander V"]
[Black "Nikolaev, Alexander"]
[Result "1/2-1/2"]
[WhiteElo "2242"]
[BlackElo "2162"]
[PlyCount "57"]
[EventDate "2011.03.10"]
[EventType "swiss"]
[EventRounds "9"]
[EventCountry "RUS"]
[SourceTitle "CBM 141 Extra"]
[Source "ChessBase"]
[SourceDate "2011.05.03"]
[SourceVersion "1"]
[SourceVersionDate "2011.05.03"]
[SourceQuality "1"]

1. e4 e6 2. d3 d5 3. Nd2 Nf6 4. Ngf3 c5 5. g3 Nc6 6. Bg2 b6 7. 0-0 Bb7 8. Re1 Be7 9. e5 Nd7 10. Nf1 Qc7 11. Qe2 h6 12. c4 d4 13. a3 g5 14. h3 0-0-0 15. Bd2 Rdg8 16. g4 h5 17. b4 hxg4 18. hxg4 Rh6 19. b5 Na5 20. Bxa5 bxa5 21. N3h2 Bxg2 22. Kxg2 Nxe5 23. Qxe5 Bd6 24. Qe4 Bxh2 25. Qa8+ Qb8 26. Qc6+ Qc7 27. Qa8+ Qb8 28. Qc6+ Qc7 29. Qa8+ 1/2-1/2

[Event "Samara"]
[Site "Samara"]
[Date "2009.12.11"]
[Round "6"]
[White "Alavkin, Arseny Nailievich"]
[Black "Kniazev, Alexander V"]
[Result "1-0"]
[WhiteElo "2439"]
[BlackElo "2244"]
[PlyCount "109"]
[EventDate "2009.12.06"]
[EventType "tourn"]
[EventRounds "9"]
[EventCountry "RUS"]
[EventCategory "1"]
[SourceTitle "CBM 134 Extra"]
[Source "ChessBase"]
[SourceDate "2010.03.03"]
[SourceVersion "1"]
[SourceVersionDate "2010.03.03"]
[SourceQuality "1"]

1. e4 c5 2. Nf3 Nf6 3. Nc3 d6 4. e5 dxe5 5. Nxe5 a6 6. f4 e6 7. b3 b6 8. Qf3 Ra7 9. Bb2 Bb7 10. Qg3 g6 11. Be2 Bg7 12. 0-0-0 Nc6 13. Nxc6 Bxc6 14. Bf3 Qa8 15. f5 Bxf3 16. gxf3 0-0 17. fxe6 Qc6 18. exf7+ Raxf7 19. Rhe1 Nh5 20. Qg4 Rxf3 21. Re6 Qb7 22. Qc4 Kh8 23. Qd5 Qb8 24. Na4 R3f5 25. Qd6 b5 26. Qxb8 Rxb8 27. Nc3 Rf6 28. Re7 Kg8 29. Ne4 Rc6 30. Rf1 Rf8 31. Rxf8+ Bxf8 32. Rd7 Rd6 33. d3 Bh6+ 34. Kd1 Bf4 35. c4 bxc4 36. bxc4 Rb6 37. Kc2 h6 38. h3 Rc6 39. Bc3 Be3 40. Be5 Kf8 41. Nd6 Bg5 42. Rb7 Be3 43. a4 Bd4 44. Nf7 Be3 45. Nd8 Rc8 46. Ne6+ Kg8 47. Bd6 g5 48. a5 Re8 49. Nxc5 Nf4 50. Ne4 Re6 51. c5 Ne2 52. Kb3 Bf4 53. Kc4 h5 54. Kd5 Re8 55. Nf6+ 1-0

[Event "Samara"]
[Site "Samara"]
[Date "2009.12.08"]
[Round "3"]
[White "Natacheev, Peter"]
[Black "Kniazev, Alexander V"]
[Result "1/2-1/2"]
[WhiteElo "2191"]
[BlackElo "2244"]
[PlyCount "108"]
[EventDate "2009.12.06"]
[EventType "tourn"]
[EventRounds "9"]
[EventCountry "RUS"]
[EventCategory "1"]
[SourceTitle "CBM 134 Extra"]
[Source "ChessBase"]
[SourceDate "2010.03.03"]
[SourceVersion "1"]
[SourceVersionDate "2010.03.03"]
[SourceQuality "1"]

1. e4 c5 2. d3 g6 3. g3 Bg7 4. Bg2 Nc6 5. Ne2 e6 6. 0-0 Nge7 7. c3 Qb6 8. Qc2 0-0 9. Be3 d5 10. Nd2 d4 11. Nc4 Qd8 12. Bd2 dxc3 13. bxc3 b6 14. f4 Ba6 15. Nb2 Qd7 16. Be3 Rfd8 17. Rad1 Rac8 18. Bf2 e5 19. Qa4 Qb7 20. Rfe1 b5 21. Qb3 Na5 22. Qa3 Qb6 23. fxe5 Bxe5 24. d4 b4 25. cxb4 cxb4 26. Qe3 Bg7 27. Qd2 Qb5 28. Nf4 Rc3 29. Bf1 Qb7 30. Na4 Bxf1 31. Nxc3 Bc4 32. Ncd5 Nxd5 33. Nxd5 Bxd5 34. exd5 Nc4 35. Qg5 Qb6 36. Re2 Bf6 37. Qg4 h5 38. Qf3 Kg7 39. Rc2 Qb5 40. Rdc1 Nd6 41. Rc5 Qa4 42. Qb3 Qd7 43. Qf3 Qa4 44. R1c2 Nf5 45. Rc6 Qb5 46. R2c5 Qa4 47. h3 Qxa2 48. Rxf6 Kxf6 49. g4 Qb1+ 50. Kg2 hxg4 51. hxg4 Rh8 52. Bg1 Qb2+ 53. Bf2 Qb1 54. Bg1 Qb2+ 1/2-1/2

[Event "Samara"]
[Site "Samara"]
[Date "2009.12.07"]
[Round "2"]
[White "Kniazev, Alexander V"]
[Black "Iliushkin, Evgeny"]
[Result "1-0"]
[WhiteElo "2244"]
[BlackElo "2313"]
[PlyCount "115"]
[EventDate "2009.12.06"]
[EventType "tourn"]
[EventRounds "9"]
[EventCountry "RUS"]
[EventCategory "1"]
[SourceTitle "CBM 134 Extra"]
[Source "ChessBase"]
[SourceDate "2010.03.03"]
[SourceVersion "1"]
[SourceVersionDate "2010.03.03"]
[SourceQuality "1"]

1. e4 c5 2. Nf3 e6 3. d4 cxd4 4. Nxd4 a6 5. Bd3 Nc6 6. Nxc6 bxc6 7. 0-0 d5 8. Nd2 Nf6 9. Re1 Be7 10. e5 Nd7 11. Qh5 g6 12. Qh6 Bf8 13. Qh3 Nc5 14. Nf3 h5 15. Bg5 Be7 16. Qh4 Rb8 17. Rab1 a5 18. Bxe7 Qxe7 19. Qd4 Rb4 20. Qc3 Bd7 21. a3 Nxd3 22. cxd3 Rb5 23. Nd4 Rb8 24. Qxa5 c5 25. Qc7 Rc8 26. Nb3 c4 27. dxc4 dxc4 28. Nd2 Qc5 29. Qxc5 Rxc5 30. Rbc1 Bb5 31. Ne4 Rd5 32. b3 Ba6 33. Nf6+ Ke7 34. Nxd5+ exd5 35. bxc4 Bxc4 36. Rb1 Ra8 37. Rb7+ Ke6 38. Rb6+ Ke7 39. e6 Ra7 40. exf7+ Kxf7 41. h4 Rxa3 42. Ree6 Ra1+ 43. Kh2 Ra2 44. Kg3 Ra3+ 45. f3 Bd3 46. Red6 Ra5 47. Rb7+ Ke8 48. Rbd7 Bc4 49. Kf4 Bb5 50. Rd8+ Ke7 51. Rxd5 Ra2 52. Rd2 Ra6 53. Rb8 Bc6 54. Kg5 Kf7 55. Rc8 Ra5+ 56. Kh6 Be8 57. Rdd8 Re5 58. Rxe8 1-0

[Event "Samara"]
[Site "Samara"]
[Date "2008.12.10"]
[Round "6"]
[White "Iliushkin, Evgeny"]
[Black "Kniazev, Alexander V"]
[Result "0-1"]
[WhiteElo "2342"]
[BlackElo "2285"]
[PlyCount "120"]
[EventDate "2008.12.05"]
[EventType "tourn"]
[EventRounds "9"]
[EventCountry "RUS"]
[EventCategory "2"]
[SourceTitle "CBM 127 Extra"]
[Source "ChessBase"]
[SourceDate "2009.01.08"]
[SourceVersion "2"]
[SourceVersionDate "2009.01.28"]
[SourceQuality "1"]

1. d4 Nf6 2. c4 e6 3. Nf3 Bb4+ 4. Nbd2 b6 5. e3 Bb7 6. Bd3 0-0 7. 0-0 c5 8. a3 Bxd2 9. Bxd2 d6 10. Qe2 Nc6 11. Bc3 Re8 12. Rfd1 Qe7 13. dxc5 bxc5 14. b4 e5 15. b5 Nb8 16. e4 Nbd7 17. Bd2 Nh5 18. g3 Nf8 19. Nh4 g6 20. Nf5 Qf6 21. Qg4 Kh8 22. Bg5 Qe6 23. Qh4 f6 24. Bh6 gxf5 25. exf5 Qf7 26. Be2 Ng7 27. Bxg7+ Qxg7 28. Rxd6 Nd7 29. Rad1 Re7 30. a4 Rf8 31. Qg4 Qxg4 32. Bxg4 Bc8 33. a5 e4 34. Bh5 Kg8 35. Re6 Rg7 36. Rxe4 Ne5 37. Rf4 Rg5 38. g4 Bb7 39. h3 Rg7 40. a6 Ba8 41. h4 Rd7 42. Rxd7 Nxd7 43. g5 Ne5 44. Be2 Rd8 45. g6 Rd2 46. Kf1 Rc2 47. f3 Rc1+ 48. Kf2 Kg7 49. gxh7 Kxh7 50. h5 Rh1 51. Kg3 Rxh5 52. Rh4 Rxh4 53. Kxh4 Nxf3+ 54. Kg3 Nd4 55. Bd3 Kg7 56. Kf4 Kf7 57. Be4 Ne2+ 58. Ke3 Bxe4 59. Kxe4 Nc3+ 60. Kd3 Na4 0-1

[Event "Samara"]
[Site "Samara"]
[Date "2008.12.06"]
[Round "2"]
[White "Pogorelskikh, Sergey"]
[Black "Kniazev, Alexander V"]
[Result "1/2-1/2"]
[WhiteElo "2269"]
[BlackElo "2285"]
[PlyCount "77"]
[EventDate "2008.12.05"]
[EventType "tourn"]
[EventRounds "9"]
[EventCountry "RUS"]
[EventCategory "2"]
[SourceTitle "CBM 127 Extra"]
[Source "ChessBase"]
[SourceDate "2009.01.08"]
[SourceVersion "2"]
[SourceVersionDate "2009.01.28"]
[SourceQuality "1"]

1. e4 c5 2. Nc3 Nc6 3. f4 e6 4. Nf3 Nge7 5. d3 d6 6. g3 g6 7. Bg2 Bg7 8. 0-0 0-0 9. Qe1 h6 10. Be3 Nd4 11. Qf2 Nec6 12. Nd1 d5 13. c3 Nxf3+ 14. Qxf3 d4 15. Bd2 dxc3 16. bxc3 c4 17. Nf2 cxd3 18. e5 Na5 19. Rad1 Bd7 20. Bc1 Bc6 21. Ne4 Qb6+ 22. Be3 Qb5 23. Bd4 Rfd8 24. h4 Qd5 25. Qg4 h5 26. Qg5 Qc4 27. Kh2 Bxe4 28. Bxe4 d2 29. Bf3 Rxd4 30. cxd4 Qxd4 31. f5 exf5 32. e6 Nc4 33. Qe7 Rf8 34. exf7+ Kh8 35. Qe2 Rxf7 36. Bxh5 gxh5 37. Rf4 Qd5 38. Qxc4 Qxc4 39. Rxc4 1/2-1/2

[Event "Samara Region-ch"]
[Site "Samara"]
[Date "2007.12.22"]
[Round "8"]
[White "Mokshanov, Alexey"]
[Black "Kniazev, Alexander V"]
[Result "1-0"]
[WhiteElo "2109"]
[BlackElo "2339"]
[PlyCount "85"]
[EventDate "2007.12.15"]
[EventType "tourn"]
[EventRounds "9"]
[EventCountry "RUS"]
[SourceTitle "CBM 122 Extra"]
[Source "ChessBase"]
[SourceDate "2008.03.04"]
[SourceVersion "1"]
[SourceVersionDate "2008.03.04"]
[SourceQuality "1"]

1. e4 c5 2. Nf3 e6 3. c3 d5 4. e5 d4 5. Bd3 Nc6 6. 0-0 Nge7 7. Re1 Ng6 8. g3 a6 9. a4 Qc7 10. Qe2 b6 11. h4 Bb7 12. b3 Na5 13. h5 Ne7 14. Ra3 Nf5 15. c4 0-0-0 16. Be4 d3 17. Bxb7+ Qxb7 18. Qe4 Nc6 19. Bb2 Be7 20. Kg2 g6 21. Rh1 gxh5 22. Rxh5 h6 23. Bc3 Ng7 24. Rh1 Nb4 25. Qxb7+ Kxb7 26. Ra1 h5 27. Na3 Nf5 28. Rae1 Rdg8 29. Re4 Kc7 30. Ne1 Rh6 31. Nb1 Rd8 32. Na3 Rd7 33. Nb1 Bf8 34. Rf4 Be7 35. Bxb4 cxb4 36. Rf3 h4 37. Rxd3 Rg6 38. Rxd7+ Kxd7 39. Nf3 hxg3 40. d4 Rg4 41. Rd1 gxf2+ 42. Kxf2 Rf4 43. Rd3 1-0

[Event "Samara Region-ch"]
[Site "Samara"]
[Date "2007.12.18"]
[Round "4"]
[White "Alavkin, Arseny Nailievich"]
[Black "Kniazev, Alexander V"]
[Result "1-0"]
[WhiteElo "2442"]
[BlackElo "2339"]
[PlyCount "93"]
[EventDate "2007.12.15"]
[EventType "tourn"]
[EventRounds "9"]
[EventCountry "RUS"]
[SourceTitle "CBM 122 Extra"]
[Source "ChessBase"]
[SourceDate "2008.03.04"]
[SourceVersion "1"]
[SourceVersionDate "2008.03.04"]
[SourceQuality "1"]

1. e4 c5 2. Nf3 d6 3. d4 cxd4 4. Qxd4 Nc6 5. Bb5 Bd7 6. Bxc6 Bxc6 7. Nc3 e6 8. Bg5 Nf6 9. 0-0-0 Be7 10. Qd3 0-0 11. Nd4 Qa5 12. h4 Rfe8 13. f4 Rad8 14. Qe2 Rc8 15. Rh3 h5 16. Kb1 a6 17. Rhd3 Qc5 18. f5 Qe5 19. Nf3 Qa5 20. Nd4 Qe5 21. Nf3 Qa5 22. fxe6 fxe6 23. Bf4 b5 24. e5 Nd5 25. Bd2 b4 26. Ne4 dxe5 27. Nxe5 Nf6 28. Nxc6 Rxc6 29. Bg5 Qe5 30. Bxf6 Bxf6 31. Nxf6+ Qxf6 32. Qxh5 Rec8 33. R3d2 e5 34. g4 Rf8 35. g5 Qf5 36. Qe2 e4 37. Rd4 e3 38. R4d3 Re8 39. Rf1 Qe4 40. h5 Rc5 41. g6 Rg5 42. Rfd1 Rge5 43. b3 Qf5 44. Rd8 Qf2 45. Qc4+ Kf8 46. Rf1 Rxd8 47. Rxf2+ 1-0

[Event "Samara Region-ch HL"]
[Site "Samara"]
[Date "2006.12.??"]
[Round "4"]
[White "Alavkin, Arseny Nailievich"]
[Black "Kniazev, Alexander V"]
[Result "1-0"]
[WhiteElo "2504"]
[BlackElo "2350"]
[PlyCount "86"]
[EventDate "2006.12.07"]
[EventType "tourn"]
[EventRounds "9"]
[EventCountry "RUS"]
[EventCategory "2"]
[SourceTitle "EXT 2019"]
[Source "ChessBase"]
[SourceDate "2018.10.10"]
[SourceVersion "1"]
[SourceVersionDate "2018.10.10"]
[SourceQuality "1"]

1. d4 Nf6 2. Nf3 e6 3. g3 c5 4. Bg2 cxd4 5. 0-0 a6 6. Nxd4 Qc7 7. b3 d5 8. c4 e5 9. Nf3 dxc4 10. bxc4 Nbd7 11. Nc3 Qxc4 12. Bb2 Be7 13. Rc1 0-0 14. Nxe5 Nxe5 15. Nd5 Nxd5 16. Bxe5 Qb5 17. a4 Ne3 18. axb5 Nxd1 19. bxa6 Rxa6 20. Rfxd1 Bf6 21. Bf4 g5 22. Be3 Ra2 23. Rc5 h6 24. h4 Rxe2 25. hxg5 hxg5 26. Bxg5 Re5 27. Rxe5 Bxe5 28. Rb1 Kg7 29. Bxb7 Bxb7 30. Rxb7 Rb8 31. Rd7 Rb5 32. Be3 Bf6 33. Kg2 Re5 34. Kf3 Re7 35. Rd5 Kg6 36. Kg4 Re4+ 37. Kf3 Re6 38. Kg4 Re4+ 39. Bf4 Re2 40. Be3 Rc2 41. Rd6 Rc4+ 42. f4 Re4 43. Bb6 Kg7 1-0

[Event "Samara Region-ch HL"]
[Site "Samara"]
[Date "2006.12.??"]
[Round "3"]
[White "Kniazev, Alexander V"]
[Black "Kadatsky, Alexander"]
[Result "1/2-1/2"]
[WhiteElo "2350"]
[BlackElo "2325"]
[PlyCount "43"]
[EventDate "2006.12.07"]
[EventType "tourn"]
[EventRounds "9"]
[EventCountry "RUS"]
[EventCategory "2"]
[SourceTitle "EXT 2019"]
[Source "ChessBase"]
[SourceDate "2018.10.10"]
[SourceVersion "1"]
[SourceVersionDate "2018.10.10"]
[SourceQuality "1"]

1. e4 c5 2. Nf3 d6 3. d4 cxd4 4. Nxd4 Nf6 5. Nc3 g6 6. Bc4 Bg7 7. h3 0-0 8. Bb3 a6 9. 0-0 b5 10. Re1 Bb7 11. a4 b4 12. Nd5 e6 13. Nxf6+ Qxf6 14. Nf3 Qe7 15. Bf4 Rd8 16. Bg5 Bf6 17. Qd2 Nc6 18. h4 Rac8 19. Rad1 Rc7 20. Re2 Rcd7 21. Nh2 h5 22. Nf3 1/2-1/2

[Event "Samara Region-ch HL"]
[Site "Samara"]
[Date "2006.12.??"]
[Round "7"]
[White "Pogorelskikh, Sergey"]
[Black "Kniazev, Alexander V"]
[Result "1-0"]
[WhiteElo "2283"]
[BlackElo "2350"]
[PlyCount "249"]
[EventDate "2006.12.07"]
[EventType "tourn"]
[EventRounds "9"]
[EventCountry "RUS"]
[EventCategory "2"]
[SourceTitle "EXT 2019"]
[Source "ChessBase"]
[SourceDate "2018.10.10"]
[SourceVersion "1"]
[SourceVersionDate "2018.10.10"]
[SourceQuality "1"]

1. e4 c5 2. Nc3 a6 3. f4 b5 4. d3 Bb7 5. Nf3 d6 6. h3 e6 7. a4 b4 8. Ne2 Be7 9. Be3 Nf6 10. Nd2 Qc7 11. Ng3 h5 12. Be2 h4 13. Nh5 Nxh5 14. Bxh5 Bf6 15. Rb1 Nc6 16. 0-0 a5 17. Be2 Nd4 18. Nf3 Bc6 19. b3 g6 20. Qd2 0-0-0 21. Bd1 Rd7 22. Qf2 Qb6 23. e5 Bxf3 24. exf6 Bxd1 25. Rbxd1 Rc7 26. Rd2 Nf5 27. Rdd1 d5 28. Bc1 Rc6 29. Bb2 d4 30. Rfe1 Qd8 31. Qf3 Kc7 32. Bc1 Qxf6 33. Re5 Kb6 34. Rde1 Rd8 35. Bd2 Ng3 36. Bc1 Rd7 37. Bd2 Qd8 38. Qg4 Rcd6 39. Kh2 Rd5 40. Kg1 Nf5 41. R1e2 Ng3 42. Re1 R7d6 43. Bc1 Qf6 44. Bd2 Kc6 45. Bc1 Nf5 46. Bd2 Qh8 47. R1e2 Kd7 48. Be1 Qh6 49. Bd2 f6 50. Qf3 Ng3 51. Rxe6 Nxe2+ 52. Rxe2 f5 53. Qf2 Re6 54. Rxe6 Kxe6 55. Be1 Qh5 56. Qxh4 Qd1 57. Qf2 Rd7 58. Qd2 Qh5 59. Kf1 Kd6 60. Qe2 Qh8 61. Qf3 Re7 62. Bf2 Qg8 63. Bh4 Rd7 64. Bf6 Qd5 65. Be5+ Kc6 66. Qg3 Qe6 67. Qh4 Rd5 68. Qh8 Rxe5 69. fxe5 Kd5 70. Qa8+ Kxe5 71. Qxa5 Qd6 72. Qa8 Kf6 73. Kg1 Qf4 74. Qf8+ Ke6 75. Qe8+ Kf6 76. Qe1 Qc7 77. Qh4+ Kg7 78. Qg5 Qe5 79. a5 Qc7 80. a6 Qa7 81. g4 fxg4 82. Qe5+ Kh7 83. Qd6 Qf7 84. hxg4 Qf3 85. Qh2+ Kg7 86. Qg2 Qe3+ 87. Kh2 Qf4+ 88. Kh3 Qh6+ 89. Kg3 g5 90. a7 Qd6+ 91. Kf3 Qa6 92. Qd2 Kf6 93. Qh2 Qb7+ 94. Kf2 Qxa7 95. Qh6+ Ke5 96. Qxg5+ Kd6 97. Qf6+ Kd5 98. Qf5+ Kd6 99. Qf4+ Kd5 100. Qf3+ Kd6 101. Kg3 Qa1 102. g5 Qe1+ 103. Kg4 Qe6+ 104. Kh5 Qe8+ 105. g6 Qe5+ 106. Kh6 Qh8+ 107. Kg5 Qe5+ 108. Qf5 Qg3+ 109. Kf6 Qh4+ 110. Kf7 Qe7+ 111. Kg8 Kc6 112. Qf3+ Kb5 113. g7 Qd8+ 114. Qf8 Qd5+ 115. Qf7 Qd8+ 116. Kh7 Qh4+ 117. Kg6 Qg4+ 118. Kf6 Qf4+ 119. Ke6 Qg4+ 120. Kd6 Qg3+ 121. Kd7 Qg4+ 122. Kc7 Qg3+ 123. Kb7 Qg2+ 124. Ka7 c4 125. Qxc4+ 1-0

[Event "RUS-Cup04"]
[Site "Samara"]
[Date "2002.08.01"]
[Round "7"]
[White "Kniazev, Alexander V"]
[Black "Zakharevich, Igor"]
[Result "0-1"]
[WhiteElo "2286"]
[BlackElo "2463"]
[PlyCount "64"]
[EventDate "2002.07.26"]
[EventType "swiss"]
[EventRounds "9"]
[EventCountry "RUS"]
[SourceTitle "CBM 089 Extra"]
[Source "ChessBase"]
[SourceDate "2002.09.10"]
[SourceVersion "2"]
[SourceVersionDate "2002.09.10"]
[SourceQuality "1"]

1. e4 g6 2. d4 Bg7 3. Nc3 d6 4. Be3 Nf6 5. Qd2 c6 6. Nf3 Qc7 7. Bh6 0-0 8. Bd3 e5 9. Bxg7 Kxg7 10. dxe5 dxe5 11. 0-0-0 Bg4 12. Qe3 Nbd7 13. h3 Bxf3 14. Qxf3 Nc5 15. g4 Rad8 16. Ne2 Qa5 17. Kb1 Rd7 18. Qe3 Rfd8 19. Ng3 h6 20. Rhg1 Na4 21. c3 Qc5 22. Rge1 Qxe3 23. Rxe3 Nc5 24. Kc2 Ne6 25. Be2 Rxd1 26. Bxd1 Nf4 27. Nf1 Ng2 28. Re2 Nf4 29. Re3 h5 30. Bf3 h4 31. g5 Nh7 32. Bg4 Nxg5 0-1